Popularne numery rap/trap tygodnia 21-27.05 Spotify. - Statystyki

Ogólne statystyki
  • Ten quiz został rozwiązany 9 razy
  • Średni wynik to 14 z 30
Statystyki odpowiedzi
Wykonawca Odsłuchania Utwór % Poprawnych
Sobel 1.34M Fiołkowe Pole
89%
Mata 951K Patoreakcja
89%
Ekipa 391K 3KIPA
78%
OIO 1.14M Amerykańskie Teledyski
78%
Sobel 1.09M Bandyta
78%
Sobel 417K Kinol
78%
OIO 1.33M Worki W Tłum
78%
Sobel 424K Alien
67%
Guzior, Oskar83 443K FALA
67%
OIO 567K MVP
67%
Wiatr, Sobel, Be Vis 538K Testarossa
67%
Ekipa 497K Chill
56%
Kizo, Wac Toja 639K Nasze Lato
56%
Sobel, Young Igi 469K Nie Teraz
56%
OIO 853K Przypadkiem
56%
Guzior 480K BLUEBERRY
44%
Mata 375K Schodki
44%
Avi, Louis Villain 394K AMG
33%
Kizo, Trill Pem 354K Fitness
33%
Sobel 461K Impreza
33%
Chivas, White 2115 662K Mam Na Twarzy Krew I Tym Razem Nie Jest Sztuczna
33%
OIO 370K Moonwalk
33%
Deemz, Reto, Żabson 479K Wasabi
33%
OIO 365K Biggie
22%
Alberto 394K Dwutakt
22%
Białas, White 2115 475K Święto Ogródka
22%
Chivas 468K Jakbym Miał W Ręku Klamkę
11%
Chivas 449K Młody Say10
11%
Chivas, White 2115, Szpaku 405K Hellcat Redeye
0%
Avi, Louis Villain, Kabe 344K WPR
0%
Nie znaleziono quizów pasujących do podanych kryteriów
Rozkład punktacji
Procent ludzi z każdym wynikiem
Percentyl według liczby udzielonych odpowiedzi
Twoja historia wyników
Nie rozwiązałeś tego quizu